[Nacimiento del Hijo de Dios] (Record no. 102930)

MARC details
000 -LEADER
campo de control de longitud fija 02100nka a2200397 i 4500
001 - NÚMERO DE CONTROL
campo de control 102930
003 - IDENTIFICADOR DE NÚMERO DE CONTROL
campo de control ES-MaACL
005 - FECHA Y HORA DE LA ÚLTIMA TRANSACCIÓN
campo de control 20250823063057.0
007 - CAMPO FIJO DE DESCRIPCIÓN FÍSICA--INFORMACIÓN GENERAL
campo de control de longitud fija t|
008 - DATOS DE LONGITUD FIJA--INFORMACIÓN GENERAL
campo de control de longitud fija 051220q1780 sp f | |r||1c|spa d
100 1# - ENTRADA PRINCIPAL--NOMBRE DE PERSONA
Nombre de persona Hubert, François,
Fechas asociadas al nombre 1744-1809
Término indicativo de función/relación Grabador
9 (RLIN) 64496
245 11 - MENCIÓN DEL TÍTULO
Título [Nacimiento del Hijo de Dios]
Medio [Material gráfico] /
Mención de responsabilidad, etc. B. Murillo lo pintó ; León Bueno lo delineó ; Huvert lo grabó, París
246 1# - FORMA VARIANTE DEL TITULO
Título propio/Titulo breve Adoración de los pastores
260 ## - PUBLICACIÓN, DISTRIBUCIÓN, ETC.
Lugar de publicación, distribución, etc. [Madrid] :
Nombre del editor, distribuidor, etc. se hallará en la Calcografía de la Imprenta Real,
Fecha de publicación, distribución, etc. [ca. 1780]
300 ## - DESCRIPCIÓN FÍSICA
Extensión 1 estampa :
Otras características físicas grabado calcográfico ;
Dimensiones 526 x 562 mm
490 1# - MENCIÓN DE SERIE
Mención de serie Colección facticia de grabados ;
Designación de volumen o secuencia 10
RLIN 184692
500 ## - NOTA GENERAL
Nota general Inscripción: "El Nacimiento del Hijo de Dios, de Murillo; tiene seis pies y tres cuartas de alto por ocho de ancho. Se ha trasladado del Real Palacio al Museo de Madrid"
500 ## - NOTA GENERAL
Nota general Estampa que reproduce la pintura de Murillo que se conservaba en el Palacio Real de Madrid, hoy en el Museo del Prado. Hubert grabó la plancha de cobre, por la que cobró 40.000 reales, a partir de un dibujo de León Bueno
530 ## - NOTA DISPONIBLE DE FORMULARIO FÍSICO ADICIONAL
Nota de formato físico adicional disponible Disponible en formato digital
600 04 - PUNTO DE ACCESO ADICIONAL DE MATERIA--NOMBRE DE PERSONA
Nombre de persona Jesucristo-
Subdivisión general Natividad
9 (RLIN) 66372
650 #7 - PUNTO DE ACCESO ADICIONAL DE MATERIA--TÉRMINO DE MATERIA
Término de materia o nombre geográfico como elemento de entrada Sagrada Familia
Fuente del encabezamiento o término embne
9 (RLIN) 16965
650 #7 - PUNTO DE ACCESO ADICIONAL DE MATERIA--TÉRMINO DE MATERIA
Término de materia o nombre geográfico como elemento de entrada Pastores
Fuente del encabezamiento o término embne
9 (RLIN) 15881
655 #7 - TERMINO DE INDIZACIÓN--GENERO/FORMA
Datos o término principal de género/forma Grabados calcográficos
Fuente del término tgfbne
9 (RLIN) 241761
655 #7 - TERMINO DE INDIZACIÓN--GENERO/FORMA
Datos o término principal de género/forma Grabados
Fuente del término tgfbne
9 (RLIN) 226846
655 #4 - TERMINO DE INDIZACIÓN--GENERO/FORMA
Datos o término principal de género/forma Reproducciones de obras de arte
9 (RLIN) 241931
700 1# - ENTRADA AGREGADA--NOMBRE PERSONAL
Nombre de persona Murillo, Bartolomé Esteban,
Fechas asociadas al nombre 1617-1682
Término indicativo de función/relación Artista
9 (RLIN) 84581
700 1# - ENTRADA AGREGADA--NOMBRE PERSONAL
Nombre de persona Bueno, León,
Fechas asociadas al nombre s. XVIII
Término indicativo de función/relación Dibujante
9 (RLIN) 32380
710 2# - ENTRADA AGREGADA--NOMBRE DE ENTIDAD CORPORATIVA
Nombre de entidad corporativa o nombre de jurisdicción como elemento de entrada Calcografía de la Imprenta Real
Término indicativo de función/relación Editor
9 (RLIN) 241806
830 #0 - PUNTO DE ACCESO ADICIONAL DE SERIE-TÍTULO UNIFORME
Título uniforme Colección facticia de grabados ;
Designación de volumen o secuencia 10
9 (RLIN) 184692
852 4# - LOCALIZACIÓN
Ubicación ES-MaACL
Ubicación en estantería Depósito 2
Número de control de estantería GF-2(10)
856 4# - LOCALIZACIÓN Y ACCESO ELECTRÓNICOS
Identificador Uniforme de Recursos <a href="https://bdh-rd.bne.es/viewer.vm?id=0000151848&page=1">https://bdh-rd.bne.es/viewer.vm?id=0000151848&page=1</a>
Texto de enlace Versión en línea
Nota pública (Biblioteca Digital Hispánica)
856 4# - LOCALIZACIÓN Y ACCESO ELECTRÓNICOS
Identificador Uniforme de Recursos <a href="https://www.academiacolecciones.com/estampas/inventario.php?id=GR-1473">https://www.academiacolecciones.com/estampas/inventario.php?id=GR-1473</a>
Texto de enlace Versión en línea
Nota pública (Real Academia de Bellas Artes de San Fernando)
942 ## - ELEMENTOS DE ENTRADA SECUNDARIOS (KOHA)
Fuente del sistema de clasificación o colocación Clasificación decimal universal
Tipo de ítem Koha Grabado
Suprimir en OPAC No
Holdings
Estatus retirado Estado de pérdida Fuente del sistema de clasificación o colocación Estado de daño No para préstamo Colección Biblioteca de origen Biblioteca actual Ubicación en estantería Fecha de adquisición Total de préstamos Signatura topográfica completa Código de barras Visto por última vez Tipo de ítem Koha
    Clasificación decimal universal     Colección digital Biblioteca del Ateneo de Madrid Biblioteca del Ateneo de Madrid Depósito 2 17/01/2008   GF-2(10) 1107466 23/02/2023 Grabado